000 nam a22 7a 4500
999 _c8359
_d8359
008 180112b ||||| |||| 00| 0 eng d
100 _94773
_aDOGRA.S
245 _aWORK BOOK SOCIAL SCIENCE -7
260 _aNEW DELHI
_bABD
_c2009